Grammar in use : (Record no. 1433)
[ view plain ]
| 000 -LEADER | |
|---|---|
| fixed length control field | 01827cac a22004215a 4500 |
| 003 - CONTROL NUMBER IDENTIFIER | |
| control field | EG-ScBUE |
| 005 - DATE AND TIME OF LATEST TRANSACTION | |
| control field | 20220519094300.0 |
| 006 - FIXED-LENGTH DATA ELEMENTS--ADDITIONAL MATERIAL CHARACTERISTICS--GENERAL INFORMATION | |
| fixed length control field | m||||f ||h 00| 0 |
| 008 - FIXED-LENGTH DATA ELEMENTS--GENERAL INFORMATION | |
| fixed length control field | 100505r20052000enka f 001 0 eng d |
| 020 ## - INTERNATIONAL STANDARD BOOK NUMBER | |
| International Standard Book Number | 052162598X |
| 020 ## - INTERNATIONAL STANDARD BOOK NUMBER | |
| International Standard Book Number | 0521625971 |
| 020 ## - INTERNATIONAL STANDARD BOOK NUMBER | |
| International Standard Book Number | 9780521625982 |
| 040 ## - CATALOGING SOURCE | |
| Original cataloging agency | EG-ScBUE |
| Language of cataloging | eng |
| Description conventions | rda |
| Transcribing agency | EG-ScBUE |
| Modifying agency | EG-ScBUE |
| 082 04 - DEWEY DECIMAL CLASSIFICATION NUMBER | |
| Classification number | 425.076 |
| Item number | MUR |
| Edition number | 22 |
| 100 1# - MAIN ENTRY--PERSONAL NAME | |
| Personal name | Murphy, Raymond, |
| Relator term | author. |
| 9 (RLIN) | 13810 |
| 245 10 - TITLE STATEMENT | |
| Title | Grammar in use : |
| Remainder of title | with answers, |
| Name of part/section of a work | Intermediate / |
| Statement of responsibility, etc | Raymond Murphy with William R. Smalzer. |
| 246 34 - VARYING FORM OF TITLE | |
| Title proper/short title | Grammar in use, |
| Remainder of title | intermediate : a new self-study reference and practice book for learners of English : with answers |
| 246 30 - VARYING FORM OF TITLE | |
| Title proper/short title | Intermediate |
| 250 ## - EDITION STATEMENT | |
| Edition statement | Twelfth printing. |
| 264 #1 - PUBLICATION, DISTRIBUTION, ETC. (IMPRINT) | |
| Place of publication, distribution, etc | Cambridge : |
| Name of publisher, distributor, etc | Cambridge University Press, |
| Date of publication, distribution, etc | 2005. |
| 300 ## - PHYSICAL DESCRIPTION | |
| Extent | ix, 341 pages : |
| Other physical details | illustrations ; |
| Dimensions | 26 cm + |
| Accompanying material | 1 CD |
| 336 ## - CONTENT TYPE | |
| Source | rdacontent |
| Content type term | text |
| Content type code | txt |
| 336 ## - CONTENT TYPE | |
| Source | rdacontent |
| Content type term | sounds |
| Content type code | snd |
| 337 ## - MEDIA TYPE | |
| Source | rdamedia |
| Media type term | unmediated |
| Media type code | n |
| 337 ## - MEDIA TYPE | |
| Source | rdamedia |
| Media type term | audio |
| Media type code | s |
| 338 ## - CARRIER TYPE | |
| Source | rdacarrier |
| Carrier type term | volume |
| Carrier type code | nc |
| 338 ## - CARRIER TYPE | |
| Source | rdacarrier |
| Carrier type term | computer disc |
| Carrier type code | cd |
| 500 ## - GENERAL NOTE | |
| General note | Includes index. |
| 505 0# - FORMATTED CONTENTS NOTE | |
| Formatted contents note | Present and past; Present perfect and past; Future; Modals; Conditionals and Wish; Passive; Reported speec; Questions and auxiliary verbs; -Ing and the infinitive; Articles and nouns; Pronounds and determiners; Relative clauses; Adjectives and adverbs; Conjunctions and prepositions; Prepositions. |
| 520 ## - SUMMARY, ETC. | |
| Summary, etc | Sound disc contains recordings of sample sentences. |
| 650 #7 - SUBJECT ADDED ENTRY--TOPICAL TERM | |
| Topical term or geographic name as entry element | English language |
| Form subdivision | Textbooks for foreign speakers. |
| Source of heading or term | BUEsh |
| 9 (RLIN) | 13811 |
| 650 #7 - SUBJECT ADDED ENTRY--TOPICAL TERM | |
| Topical term or geographic name as entry element | English language |
| General subdivision | Grammar |
| Form subdivision | Problems, exercises, etc. |
| Source of heading or term | BUEsh |
| 9 (RLIN) | 13812 |
| 651 ## - SUBJECT ADDED ENTRY--GEOGRAPHIC NAME | |
| Source of heading or term | BUEsh |
| 653 ## - INDEX TERM--UNCONTROLLED | |
| Resource For college | Humanities: English |
| Arrived date list | October2018 |
| 655 ## - INDEX TERM--GENRE/FORM | |
| Form subdivision | Reading book |
| 9 (RLIN) | 34232 |
| 700 1# - ADDED ENTRY--PERSONAL NAME | |
| Personal name | Smalzer, William R., |
| Relator term | author. |
| 9 (RLIN) | 13813 |
| 942 ## - ADDED ENTRY ELEMENTS (KOHA) | |
| Source of classification or shelving scheme | Dewey Decimal Classification |
| Koha item type | Book - Borrowing |
| Withdrawn status | Lost status | Source of classification or shelving scheme | Damaged status | Not for loan | Collection code | Home library | Current library | Shelving location | Date acquired | Source of acquisition | Total Checkouts | Total Renewals | Full call number | Barcode | Date last seen | Date checked out | Koha item type | Checked out | Price effective from |
|---|---|---|---|---|---|---|---|---|---|---|---|---|---|---|---|---|---|---|---|
| Dewey Decimal Classification | Central Library | Central Library | Second Floor | 06/09/2011 | Purchase | 5 | 20 | 425.076 MUR | 000003013 | 15/07/2025 | 29/05/2016 | Book - Borrowing | |||||||
| Dewey Decimal Classification | Central Library | Central Library | Second Floor | 06/09/2011 | 6 | 4 | 425.076 MUR | 000003012 | 06/06/2012 | 06/06/2012 | Book - Borrowing | 27/06/2012 | 11/09/2006 | ||||||
| Dewey Decimal Classification | Central Library | Central Library | Second Floor | 06/09/2011 | Purchase | 8 | 21 | 425.076 MUR | 000003011 | 15/07/2025 | 12/11/2019 | Book - Borrowing | |||||||
| Dewey Decimal Classification | Central Library | Central Library | Second Floor | 06/09/2011 | 12 | 44 | 425.076 MUR | 000003010 | 16/04/2022 | 16/04/2022 | Book - Borrowing | 19/05/2026 | 11/09/2006 | ||||||
| Dewey Decimal Classification | Central Library | Central Library | Second Floor | 06/09/2011 | 3 | 425.076 MUR | 000003009 | 15/07/2025 | 03/10/2012 | Book - Borrowing | 11/09/2006 | ||||||||
| Dewey Decimal Classification | Central Library | Central Library | Second Floor | 06/09/2011 | 9 | 46 | 425.076 MUR | 000003008 | 15/07/2025 | 02/11/2019 | Book - Borrowing | 11/09/2006 | |||||||
| Dewey Decimal Classification | Central Library | Central Library | Second Floor | 06/09/2011 | 5 | 11 | 425.076 MUR | 000003007 | 15/07/2025 | 27/08/2015 | Book - Borrowing | 11/09/2006 | |||||||
| Dewey Decimal Classification | Baccah | Central Library | Central Library | Second Floor | 11/09/2006 | Purchase | 8 | 4 | 425.076 MUR | 000043627 | 15/07/2025 | 03/11/2015 | Book - Borrowing | ||||||
| Dewey Decimal Classification | Central Library | Central Library | Second Floor | 05/05/2010 | 425.076 MUR | 000018991 | 24/08/2022 | CD | DVD - With book (NB) | 05/05/2010 | ||||||||||
| Dewey Decimal Classification | Central Library | Central Library | Second Floor | 05/05/2010 | 2 | 1 | 425.076 MUR | 000021747 | 24/08/2022 | 22/09/2010 | CD | DVD - With book | 05/05/2010 | |||||||
| Dewey Decimal Classification | Central Library | Central Library | Second Floor | 17/05/2010 | 1 | 425.076 MUR | 000020743 | 24/08/2022 | 13/02/2013 | CD | DVD - With book | 17/05/2010 | ||||||||
| Dewey Decimal Classification | Central Library | Central Library | Second Floor | 17/05/2010 | 1 | 425.076 MUR | 000014269 | 24/08/2022 | 10/07/2012 | CD | DVD - With book | 17/05/2010 | ||||||||
| Dewey Decimal Classification | Central Library | Central Library | Second Floor | 11/10/2010 | 1 | 425.076 MUR | 000003014 | 15/07/2025 | 10/07/2012 | NB - Book (Non borrowing) | 11/10/2010 | ||||||||
| Dewey Decimal Classification | Central Library | Central Library | Second Floor | 11/10/2010 | 1 | 425.076 MUR | 000022351 | 24/08/2022 | 12/09/2012 | CD | DVD - With book | 11/10/2010 | ||||||||
| Dewey Decimal Classification | Central Library | Central Library | Second Floor | 01/11/2010 | 425.076 MUR | 000022492 | 24/08/2022 | CD | DVD - With book | |||||||||||
| Dewey Decimal Classification | Baccah | Central Library | Central Library | Second Floor | 28/03/2011 | 1 | 425.076 MUR | 000023087 | 07/06/2012 | 07/06/2012 | CD | DVD - With book | 28/06/2012 | 28/03/2011 | ||||||
| Dewey Decimal Classification | Central Library | Central Library | Second Floor | 04/08/2011 | 425.076 MUR | 000024527 | 24/08/2022 | CD | DVD - With book | 04/08/2011 |